| 000 | 01181nam a2200289uu 4500 | ||
|---|---|---|---|
| 999 |
_c200429645 _d47569 |
||
| 003 | TR-AnTOB | ||
| 005 | 20200408164509.0 | ||
| 008 | 180510s2017 tu tur | ||
| 020 | _a9786056515156 | ||
| 040 |
_aTR-AnTOB _cTR-AnTOB |
||
| 041 | 0 | _atur | |
| 050 | 0 | 0 |
_aP326 _b.G43 2017 |
| 090 |
_aP326 _b.G43 2017 |
||
| 245 | 1 | 0 |
_aGeçmişten geleceğe Türk sözlükçülüğü : _bElginkan Vakfı 3. Türk Dili ve Edebiyatı Kurultayı bildirileri : _b19-21 Nisan 2017 / _ceditör : Şükrü Halûk Akalın, Tuğba Poçan. |
| 246 | 0 | 0 | _aGeçmişten geleceğe Türk sözlükçülüğü : Elginkan Vakfı 3. Türk Dili ve Edebiyatı Kurultayı bildirileri (3. : 2017 : İstanbul) |
| 264 |
_aİstanbul: _bElginkan Vakfı, _c2017 |
||
| 300 |
_aXXX, 520 sayfa : _bresim, grafik, tablo, şema ; _c24 cm. |
||
| 336 |
_2rdacontent _atext _btxt |
||
| 337 |
_2rdamedia _aunmediated _bn |
||
| 338 |
_2 rdacarrier _avolume _bnc |
||
| 500 | _aKaynakçası [bildiri sonlarında] mevcuttur. | ||
| 650 | 0 |
_aTürk dili _vSözlükler _xSözlükler _9123736 |
|
| 650 | 0 |
_aTurkic languages _xLexicography _vCongresses _9104253 |
|
| 902 | _a0088555 | ||
| 942 |
_2lcc _cBK |
||